000 00658nam a2200217Ia 4500
003 OSt
005 20220918105427.0
006 a|||||r|||| 00| 0
007 ta
008 220915b |||||||| |||| 00| 0 220915b |||||||| |||| 00| 0 ben d d
024 _a93,289
037 _cReference Collections
040 _aARTS
_cARTS
_bben
041 _2ben
_aben
082 _aQ22(P157,3:4)k, L8(RR)
100 _aBhattacharya Kumud ranjan Au.
_91350
245 0 _aSankshipat vaishnab abhidhan
260 _c1978
942 _hQ22(P157,3:4)k, L8(RR)
_cREF
999 _c107085
_d107085